<?xml version="1.0" encoding="UTF-8"?>
<collection xmlns:xsi="http://www.w3.org/2001/XMLSchema-instance" xsi:schemaLocation="http://www.loc.gov/MARC21/slim http://www.loc.gov/standards/marcxml/schema/MARC21slim.xsd" xmlns="http://www.loc.gov/MARC21/slim">
 <record>
  <leader>00000ctm a22000004a 4500</leader>
  <controlfield tag="001">UP-99796217610505278</controlfield>
  <controlfield tag="003">Buklod</controlfield>
  <controlfield tag="005">20121004160003.0</controlfield>
  <controlfield tag="006">m    |o  d |      </controlfield>
  <controlfield tag="007">ta</controlfield>
  <controlfield tag="008">121004s2012    xx     d     r    |||| u|</controlfield>
  <datafield tag="035" ind1=" " ind2=" ">
   <subfield code="a">(iLib)UPD-00191507422</subfield>
  </datafield>
  <datafield tag="040" ind1=" " ind2=" ">
   <subfield code="a">DENG</subfield>
  </datafield>
  <datafield tag="041" ind1=" " ind2=" ">
   <subfield code="a">eng</subfield>
  </datafield>
  <datafield tag="042" ind1=" " ind2=" ">
   <subfield code="a">DMLUC</subfield>
  </datafield>
  <datafield tag="090" ind1=" " ind2=" ">
   <subfield code="a">LG 996 2012 E653</subfield>
   <subfield code="b">W56</subfield>
  </datafield>
  <datafield tag="100" ind1="1" ind2=" ">
   <subfield code="a">Winastu, Hendra</subfield>
  </datafield>
  <datafield tag="245" ind1="1" ind2="0">
   <subfield code="a">Lake eutrophication management</subfield>
   <subfield code="b">assessing and controlling the limiting nutrient through integrated lake watershed and water quality model in Laguna lake Philippines (west bay area)</subfield>
   <subfield code="c">Hendra Winastu.</subfield>
  </datafield>
  <datafield tag="264" ind1=" " ind2="1">
   <subfield code="c">2012.</subfield>
  </datafield>
  <datafield tag="300" ind1=" " ind2=" ">
   <subfield code="a">ix, 165 leaves</subfield>
   <subfield code="b">ill.</subfield>
  </datafield>
  <datafield tag="502" ind1=" " ind2=" ">
   <subfield code="a">Thesis (Ph. D. Environmental Engineering)--University of the Philippines, Diliman</subfield>
  </datafield>
  <datafield tag="520" ind1=" " ind2=" ">
   <subfield code="a">Laguna Lake is one of the important inland waters of the Philippines. The nutrient loading that leads to eutrophication is one of the main issues for Laguna Lake water quality management. Historical trend shows that trophic condition in West Bay area varies from mesotrophic to hyper-eutrophic. Trophic  condition is dominated by transition state from eutrophic to hyper-eutrophic regardless of the seasonal changes that occur within the lake. Limiting nutrient scheme also varies but in the recent condition toward hyper-eutrophic phosphorous have been determined to be the limiting nutrient.  Physical-biochemical processes highlighted from measured parameters such as TS, TDS, chloride, total hardness, DO, temperature, calcium hardness, BOD, COD, turbidity, light intensity and chlorophyll-a have high variance in correlation with lake eutrophication. The estimated nutrient loading for Calabarzon region shows that livestock rising is the main source of nutrient enrichment compared with domestic and agricultural activities. Nitrogen content is 10 times higher than phosphorous in the overall estimated nutrient loading. The more recent data o nutrient enrichment through watershed simulation between 2006-2009 shows that increasing trend of nutrient realtively matches with trophic variation toward hyper-eutrophic condition especially in the West Bay area. Combination of topography, land use, soil cover and rainfall are the main factors that affect nutrient enrichment from the lake watershed. However, predicted total phosphorous from fish feeding practice shows no significant contribution on nutrient enrichment into Laguna Lake. Critical water quality parameters for fishery seem to be advantageous for aquaculture activity in Laguna Lake. Inorganic phosphorous within lake-bottom sediment that is three times higher than organic phosphorous highlights the possible nutrient storage on lake-bottom sediment that might involve in effective nutrient cycle within the lake through internal nutrient loading scenario. Water quality simulation outputs in 2009 suggest that biological productivity cold adjust with minimum nitrogen source as well as possibility of optimum phosphorous uptake. nitrogen source control seems to be effective based on this 2009 simulation scheme. Simulation output of aquaculture practice also confirms that there is no significant contribution on feeding scheme to promote biological productivity.</subfield>
  </datafield>
  <datafield tag="650" ind1="1" ind2="7">
   <subfield code="a">Eutrophication</subfield>
   <subfield code="z">Laguna de Bay (Philippines)</subfield>
  </datafield>
  <datafield tag="905" ind1=" " ind2=" ">
   <subfield code="a">FI</subfield>
  </datafield>
  <datafield tag="905" ind1=" " ind2=" ">
   <subfield code="a">UP</subfield>
  </datafield>
  <datafield tag="950" ind1=" " ind2=" ">
   <subfield code="a">Thesis</subfield>
  </datafield>
  <datafield tag="852" ind1="0" ind2=" ">
   <subfield code="a">UPD</subfield>
   <subfield code="b">DARCHIVES</subfield>
   <subfield code="h">LG 996 2012 E653</subfield>
   <subfield code="i">W56</subfield>
  </datafield>
  <datafield tag="852" ind1="0" ind2=" ">
   <subfield code="a">UPD</subfield>
   <subfield code="b">DENG-II</subfield>
   <subfield code="h">LG 996 2012 E653</subfield>
   <subfield code="i">W56</subfield>
  </datafield>
  <datafield tag="942" ind1=" " ind2=" ">
   <subfield code="a">Thesis</subfield>
  </datafield>
 </record>
</collection>
